The pocket dictionary of art terms / (Record no. 3348)
[ view plain ]
| 000 -LEADER | |
|---|---|
| fixed length control field | 00881nam a2200289 a 4500 |
| 001 - CONTROL NUMBER | |
| JCCL Control Number | 3348 |
| 003 - CONTROL NUMBER IDENTIFIER | |
| JCCL marc code | BD-JhCC |
| 005 - DATE AND TIME OF LATEST TRANSACTION | |
| control field | 20171112205811.0 |
| 008 - FIXED-LENGTH DATA ELEMENTS--GENERAL INFORMATION | |
| fixed length control field | 720216s1971 ctua bd 000 0 eng |
| 020 ## - INTERNATIONAL STANDARD BOOK NUMBER | |
| International Standard Book Number | 0821211153 |
| 035 ## - SYSTEM CONTROL NUMBER | |
| system control number | (BD-JhCC)3348 |
| 040 ## - CATALOGING SOURCE | |
| Original cataloging agency | DLC |
| Transcribing agency | DLC |
| Modifying agency | DLC |
| -- | BD-JhCC |
| 041 ## - LANGUAGE CODE | |
| Language code of Book | eng |
| 050 00 - LIBRARY OF CONGRESS CALL NUMBER | |
| Classification number | N33 |
| Item number | .E45 1971 |
| 082 00 - DEWEY DECIMAL CLASSIFICATION NUMBER | |
| Classification number | 703 |
| Author mark and Year | EHR 1971 |
| 100 1# - MAIN ENTRY--PERSONAL NAME | |
| Personal name | Ehresmann, Julia M. |
| 245 14 - TITLE STATEMENT | |
| Title | The pocket dictionary of art terms / |
| Statement of responsibility, etc | edited by Julia M. Ehresmann. |
| 250 ## - EDITION STATEMENT | |
| Edition statement | [Rev., expanded and illustrated] |
| 260 ## - PUBLICATION, DISTRIBUTION, ETC. (IMPRINT) | |
| Place of publication, distribution, etc | Greenwich, Conn., |
| Name of publisher, distributor, etc | New York Graphic Society |
| Date of publication, distribution, etc | 1971. |
| 300 ## - PHYSICAL DESCRIPTION | |
| Pagination | 1 v. (unpaged) |
| Other physical details | illus. |
| Dimensions | 18 cm. |
| 500 ## - GENERAL NOTE | |
| General note | Revised version of the original ed., first published in 1961, compiled by Mervyn Levy. |
| 504 ## - BIBLIOGRAPHY, ETC. NOTE | |
| Bibliography, etc | Includes bibliography. |
| 650 #0 - SUBJECT ADDED ENTRY--TOPICAL TERM | |
| Topical term or geographic name as entry element | Art |
| General subdivision | Terminology. |
| 740 0# - | |
| Uncontrolled related/analytical title | Art terms. |
| 942 ## - ADDED ENTRY ELEMENTS (KOHA) | |
| Source of classification or shelving scheme | Dewey Decimal Classification |
| Koha item type | Books |
| Source of classification or shelving scheme | Damaged status | Not for loan | Home library | Current library | Shelving location | Date of accession | Total Checkouts | Full call number | Barcode | Date last seen | Copy number | Koha item type |
|---|---|---|---|---|---|---|---|---|---|---|---|---|
| Dewey Decimal Classification | JCC Rouf Library | JCC Rouf Library | General Stacks | 11/12/2017 | 703 EHR 1971 | 5187 | 11/12/2017 | C-1 | Books |